ZTM Gdańsk - 6 - Statystyki

Ogólne statystyki
  • Ten quiz został rozwiązany 41 razy
    27 od ostatniego zresetowania
  • Średni wynik to 30 z 39
Statystyki odpowiedzi
Ulica Przystanek % Poprawnych
Wały Jagiellońskie Brama Wyżynna
100%
Podwale Grodzkie Dworzec Główny
100%
Grunwaldzka Jaśkowa Dolina
100%
Grunwaldzka Miszewskiego
100%
Zwycięstwa Brama Oliwska
94%
Grunwaldzka Galeria Bałtycka
94%
Grunwaldzka Klonowa
94%
Świętokrzyska Łostowice Świętokrzyska
94%
Zwycięstwa Opera Bałtycka
94%
Zwycięstwa Politechnika
94%
Pomorska Jelitkowo
88%
Armii Krajowej Śródmieście SKM
88%
Zwycięstwa Traugutta
88%
Wojska Polskiego Wojska Polskiego
88%
Sikorskiego Chałubińskiego
81%
Zwycięstwa Chodowieckiego
81%
Havla Płocka
81%
Wita Stwosza Uniwersytet Gdański
81%
Zwycięstwa Uniwersytet Medyczny
81%
Havla Wilanowska
81%
Witosa Cieszyńskiego
75%
Armii Krajowej Odrzańska
75%
Armii Krajowej Pohulanka
75%
Sikorskiego Sikorskiego
75%
Wita Stwosza Strzyża PKM
75%
Wita Stwosza Tetmajera
75%
Wita Stwosza Bażyńskiego
69%
Grunwaldzka Oliwa
69%
Havla Przemyska
69%
Wojska Polskiego Zamenhofa
69%
Witosa Cebertowicza
63%
Wita Stwosza Wilka-Krzyżanowskiego
63%
Wita Stwosza Obrońców Westerplatte
56%
Pomorska Subisława
56%
Wita Stwosza Derdowskiego
50%
Grunwaldzka Opacka
50%
Pomorska Pomorska - Osiedle
50%
Pomorska Helska
44%
Pomorska Osiedle Wejhera
38%
Nie znaleziono quizów pasujących do podanych kryteriów
Rozkład punktacji
Procent ludzi z każdym wynikiem
Percentyl według liczby udzielonych odpowiedzi
Twoja historia wyników
Nie rozwiązałeś tego quizu od ostatniego zresetowania